Rethinking the Meaning of Place : (Record no. 15434)
[ view plain ]
| 000 -LEADER | |
|---|---|
| fixed length control field | 01180cam a22003374a 4500 |
| 001 - CONTROL NUMBER | |
| control field | 15974748 |
| 005 - DATE AND TIME OF LATEST TRANSACTION | |
| control field | 20171224154412.0 |
| 008 - FIXED-LENGTH DATA ELEMENTS--GENERAL INFORMATION | |
| fixed length control field | 091105s2010 enka b 001 0 eng |
| 010 ## - LIBRARY OF CONGRESS CONTROL NUMBER | |
| LC control number | 2009046938 |
| 020 ## - INTERNATIONAL STANDARD BOOK NUMBER | |
| International Standard Book Number | 0754678148 |
| 020 ## - INTERNATIONAL STANDARD BOOK NUMBER | |
| International Standard Book Number | 9780754678144 |
| 040 ## - CATALOGING SOURCE | |
| Original cataloging agency | DLC |
| Transcribing agency | DLC |
| Modifying agency | DLC |
| 050 00 - LIBRARY OF CONGRESS CALL NUMBER | |
| Classification number | G71.5 |
| Item number | .C34 2010 |
| 082 00 - DEWEY DECIMAL CLASSIFICATION NUMBER | |
| Classification number | 304.23 |
| Edition number | 22 |
| Item number | CAS |
| 100 1# - MAIN ENTRY--PERSONAL NAME | |
| Personal name | Castello, Lineu. |
| 9 (RLIN) | 24251 |
| 245 10 - TITLE STATEMENT | |
| Title | Rethinking the Meaning of Place : |
| Remainder of title | Conceiving Place in Architecture-Urbanism / |
| Statement of responsibility, etc | by Lineu Castello; Translated by Nick Rands |
| 260 ## - PUBLICATION, DISTRIBUTION, ETC. (IMPRINT) | |
| Place of publication, distribution, etc | Farnham, Surrey, England ; |
| Name of publisher, distributor, etc | Ashgate Pub. Company, 2010 |
| Date of publication, distribution, etc | c2010. |
| 300 ## - PHYSICAL DESCRIPTION | |
| Extent | xx, 256 p. : |
| Other physical details | ill. ; |
| Dimensions | 24 cm. |
| 504 ## - BIBLIOGRAPHY, ETC. NOTE | |
| Bibliography, etc | Includes bibliographical references and index. |
| 650 #0 - SUBJECT ADDED ENTRY--TOPICAL TERM | |
| Topical term or geographic name as entry element | Geographical perception. |
| 9 (RLIN) | 24252 |
| 650 #0 - SUBJECT ADDED ENTRY--TOPICAL TERM | |
| Topical term or geographic name as entry element | City planning. |
| 9 (RLIN) | 24255 |
| 650 #0 - SUBJECT ADDED ENTRY--TOPICAL TERM | |
| Topical term or geographic name as entry element | Public architecture. |
| 9 (RLIN) | 24256 |
| 650 #0 - SUBJECT ADDED ENTRY--TOPICAL TERM | |
| Topical term or geographic name as entry element | Public spaces. |
| 9 (RLIN) | 24257 |
| 650 #0 - SUBJECT ADDED ENTRY--TOPICAL TERM | |
| Topical term or geographic name as entry element | Place (Philosophy) |
| 9 (RLIN) | 24258 |
| 653 ## - INDEX TERM--UNCONTROLLED | |
| Resource For college | |
| Arrived date list | May2011 |
| 650 #0 - SUBJECT ADDED ENTRY--TOPICAL TERM | |
| 9 (RLIN) | 24254 |
| Topical term or geographic name as entry element | Urban geography |
| 650 #0 - SUBJECT ADDED ENTRY--TOPICAL TERM | |
| 9 (RLIN) | 24253 |
| Topical term or geographic name as entry element | Human geography |
| 700 ## - ADDED ENTRY--PERSONAL NAME | |
| 9 (RLIN) | 24250 |
| Personal name | Rands, Nick |
| Relator term | trl |
| 942 ## - ADDED ENTRY ELEMENTS (KOHA) | |
| Source of classification or shelving scheme | Dewey Decimal Classification |
| Item type | Book - Borrowing |
| Withdrawn status | Item status | Source of classification or shelving scheme | Damaged status | Not for loan | Vendor | Home library | Current library | Shelving location | Date acquired | Source of acquisition | Cost, normal purchase price | Serial Enumeration / chronology | Total Checkouts | Total Renewals | Full call number | Barcode | Date last seen | Date last borrowed | Koha item type |
|---|---|---|---|---|---|---|---|---|---|---|---|---|---|---|---|---|---|---|---|
| Dewey Decimal Classification | Baccah | Central Library | Central Library | First floor | 26/05/2011 | 877.00 | 12337 | 2 | 4 | 304.23 CAS | 000023759 | 15/07/2025 | 27/09/2016 | Book - Borrowing |